Match Up Challenge V Quiz Stats

 Plays Quiz not verified by Sporcle

Support Sporcle.
Go Orange.
Score 0/20 Timer 01:30
0 Plays Today
% Correct
???
83%
???
81.9%
???
78.7%
???
77.7%
???
77.7%
???
77.7%
???
77.7%
???
76.6%
???
76.6%
???
76.6%
% Correct
???
76.6%
???
75.5%
???
75.5%
???
75.5%
???
75.5%
???
75.5%
???
73.4%
???
73.4%
???
73.4%
???
72.3%

You're not logged in!

Compare scores with friends on all Sporcle quizzes.
OR
Log In

From the Vault

NFL Super Bowl Losing Coaches

by Sam

I can think of two men who desperately don't want to be the next name on this list...oh and they might also want that fancy Super Bowl ring.
Remove Ads.
Support Sporcle.
Get the best of Sporcle when you Go Orange. This ad-free experience offers more features, more stats, and more fun while also helping to support Sporcle. Thank you for becoming a member.

Show Comments

Extras

Top Quizzes Today


Score Distribution

Your Account Isn't Verified!

In order to create a playlist on Sporcle, you need to verify the email address you used during registration. Go to your Sporcle Settings to finish the process.

Report this User

Report this user for behavior that violates our Community Guidelines.

Details: